000 00566nam a22001931a 4500
001 7534
003 OSt
005 20260204212135.0
008 071207s2006||||dr ||||||b||||||||||spa||
020 _a9945140108
050 _aRD 623.3 P215s
100 _aPared Pérez, Almirante Sigfredo Aramis
245 _aSeguridad, defensa e identidad nacional / Almirante Sigfredo Aramis Pared Pérez
264 _aSanto Domingo : Corripio
300 _a467 p
500 _aIncluye bibliografía
650 _aIngeniería de Defensa 2.Deguridad NacionalÌ
942 _2ddc
_cBK
999 _c7534
_d7534